[Event "Budapest-chT1 Lilienthal 1718"]
[Site "Budapest"]
[Date "2018.03.11"]
[Round "11"]
[White "Biro, Gergely"]
[Black "Suto, Gabor"]
[Result "1/2-1/2"]
[WhiteElo "2120"]
[BlackElo "2161"]
[PlyCount "83"]
[EventDate "2017.10.01"]
[EventType "team-tourn"]
[EventRounds "13"]
[EventCountry "HUN"]
[SourceTitle "EXT 2021"]
[Source "ChessBase"]
[SourceDate "2020.10.23"]
[SourceVersion "1"]
[SourceVersionDate "2020.10.23"]
[SourceQuality "1"]
[WhiteTeam "Barcza GSC"]
[BlackTeam "SENSE"]
[WhiteTeamCountry "HUN"]
[BlackTeamCountry "HUN"]

1. e4 Nf6 2. e5 Nd5 3. d4 d6 4. Nf3 Bg4 5. Be2 Nc6 6. exd6 exd6 7. 0-0 Be7 8. Ng5 Bxe2 9. Qxe2 Nf6 10. d5 Ne5 11. f4 Ng6 12. Qb5+ Qd7 13. Qxb7 0-0 14. Nc3 Qf5 15. Qxc7 Rfc8 16. Qb7 Rcb8 17. Qa6 Qxc2 18. f5 Ne5 19. Rf2 Qd3 20. Qxd3 Nxd3 21. Re2 Bd8 22. Nge4 Ng4 23. h3 Bb6+ 24. Kh1 Ngf2+ 25. Nxf2 Nxf2+ 26. Kh2 Re8 27. Rxe8+ Rxe8 28. Bf4 Nd3 29. Bxd6 Nxb2 30. Bg3 Nc4 31. Re1 Rxe1 32. Bxe1 Ba5 33. g4 Kf8 34. Kg3 Ke7 35. Kf2 g6 36. fxg6 fxg6 37. Ne4 Bxe1+ 38. Kxe1 h6 39. Ke2 Nb6 40. d6+ Ke6 41. Kd3 Ke5 42. a3 1/2-1/2

[Event "Budapest-chT1 Lilienthal 1314"]
[Site "Budapest"]
[Date "2014.03.09"]
[Round "9"]
[White "Szabolcsi, Janos"]
[Black "Biro, Gergely"]
[Result "1-0"]
[WhiteElo "2353"]
[BlackElo "2113"]
[PlyCount "61"]
[EventDate "2013.09.29"]
[EventType "team-tourn"]
[EventRounds "11"]
[EventCountry "HUN"]
[SourceTitle "EXT 2021"]
[Source "ChessBase"]
[SourceDate "2020.10.23"]
[SourceVersion "1"]
[SourceVersionDate "2020.10.23"]
[SourceQuality "1"]
[WhiteTeam "Rakosliget"]
[BlackTeam "Barcza GSC"]
[WhiteTeamCountry "HUN"]
[BlackTeamCountry "HUN"]

1. d4 Nf6 2. c4 g6 3. Nc3 d5 4. Bf4 Bg7 5. Rc1 0-0 6. e3 c6 7. Nf3 Ne4 8. cxd5 cxd5 9. Bd3 Nxc3 10. Rxc3 Nc6 11. 0-0 Bg4 12. Bb5 Rc8 13. Bxc6 Rxc6 14. Rxc6 bxc6 15. Qa4 Bxf3 16. gxf3 Qb6 17. b4 f6 18. Rc1 Rc8 19. b5 e5 20. dxe5 fxe5 21. Bg5 c5 22. Qg4 Re8 23. Qd7 Qe6 24. Qxe6+ Rxe6 25. Rxc5 h6 26. Bd8 d4 27. Ba5 Kf7 28. a4 Re7 29. Kf1 Rd7 30. Rc7 Rxc7 31. Bxc7 1-0

[Event "Budapest-chT1 Lilienthal 1213"]
[Site "Budapest"]
[Date "2013.02.24"]
[Round "8"]
[White "Biro, Gergely"]
[Black "Vendeg, Balazs"]
[Result "1-0"]
[WhiteElo "2115"]
[BlackElo "1945"]
[PlyCount "55"]
[EventDate "2012.09.30"]
[EventType "team-tourn"]
[EventRounds "11"]
[EventCountry "HUN"]
[SourceTitle "EXT 2019"]
[Source "ChessBase"]
[SourceDate "2018.10.10"]
[SourceVersion "1"]
[SourceVersionDate "2018.10.10"]
[SourceQuality "1"]
[WhiteTeam "Barcza GSC"]
[BlackTeam "Budapest SENSE"]
[WhiteTeamCountry "HUN"]
[BlackTeamCountry "HUN"]

1. e4 c5 2. Nf3 Nc6 3. d4 cxd4 4. Nxd4 e5 5. Nb5 d6 6. c4 Be7 7. N1c3 a6 8. Na3 f5 9. Bd3 f4 10. g3 Nf6 11. gxf4 exf4 12. Bxf4 0-0 13. Qd2 Ng4 14. 0-0 Rxf4 15. Qxf4 Bg5 16. Qg3 Qf6 17. Nd5 Qh6 18. f4 Bh4 19. Qg2 Be6 20. Nc2 Rf8 21. Be2 Nf6 22. Nce3 Bxd5 23. Nf5 Qg6 24. cxd5 Qxg2+ 25. Kxg2 Nxe4 26. Nxh4 Nd4 27. Bd3 Nc5 28. Rad1 1-0

[Event "Budapest-chT1 Lilienthal 1213"]
[Site "Budapest"]
[Date "2012.11.11"]
[Round "3"]
[White "Domschitz, Lajos"]
[Black "Biro, Gergely"]
[Result "1/2-1/2"]
[WhiteElo "2012"]
[BlackElo "2115"]
[PlyCount "55"]
[EventDate "2012.09.30"]
[EventType "team-tourn"]
[EventRounds "11"]
[EventCountry "HUN"]
[SourceTitle "EXT 2019"]
[Source "ChessBase"]
[SourceDate "2018.10.10"]
[SourceVersion "1"]
[SourceVersionDate "2018.10.10"]
[SourceQuality "1"]
[WhiteTeam "Penzugyor III"]
[BlackTeam "Barcza GSC"]
[WhiteTeamCountry "HUN"]
[BlackTeamCountry "HUN"]

1. e4 c5 2. Nf3 Nc6 3. Bc4 e6 4. Qe2 g6 5. c3 Bg7 6. 0-0 Nge7 7. d3 0-0 8. Bb3 d5 9. Bg5 Qc7 10. Nbd2 b6 11. Rac1 Ba6 12. Rfd1 Rad8 13. exd5 exd5 14. Nf1 Rde8 15. Qd2 Qd7 16. Bh6 Nf5 17. Bxg7 Kxg7 18. Re1 d4 19. c4 Qd6 20. Ba4 Bb7 21. Ng5 Qb8 22. Ne4 Re6 23. f4 Rfe8 24. Qf2 Nd6 25. Nfg3 f5 26. Ng5 Rxe1+ 27. Rxe1 Rxe1+ 28. Qxe1 1/2-1/2

[Event "Budapest-chT1 Lilienthal 1213"]
[Site "Budapest"]
[Date "2012.10.14"]
[Round "2"]
[White "Gyurkovics, Miklos"]
[Black "Biro, Gergely"]
[Result "0-1"]
[WhiteElo "2186"]
[BlackElo "2115"]
[PlyCount "54"]
[EventDate "2012.09.30"]
[EventType "team-tourn"]
[EventRounds "11"]
[EventCountry "HUN"]
[SourceTitle "EXT 2019"]
[Source "ChessBase"]
[SourceDate "2018.10.10"]
[SourceVersion "1"]
[SourceVersionDate "2018.10.10"]
[SourceQuality "1"]
[WhiteTeam "Budapest Vasas II"]
[BlackTeam "Barcza GSC"]
[WhiteTeamCountry "HUN"]
[BlackTeamCountry "HUN"]

1. b4 Nf6 2. Bb2 e6 3. b5 d5 4. e3 Bd7 5. c4 Be7 6. a4 0-0 7. Nf3 a6 8. Nc3 c6 9. d3 Bb4 10. Qb3 Qe7 11. Nd2 axb5 12. cxb5 cxb5 13. axb5 Rxa1+ 14. Bxa1 d4 15. Na2 dxe3 16. fxe3 Nd5 17. Nxb4 Qxb4 18. e4 Rc8 19. Be5 Qc5 20. Nc4 Bxb5 21. exd5 Nd7 22. Qb2 Nxe5 23. d4 Qxd5 24. Nxe5 Qe4+ 25. Be2 Bxe2 26. Qxe2 Rc1+ 27. Kd2 Rc2+ 0-1

[Event "Budapest-chT1 Lilienthal 1112"]
[Site "Budapest"]
[Date "2012.02.05"]
[Round "7"]
[White "Krizsany, Laszlo Sr"]
[Black "Biro, Gergely"]
[Result "1/2-1/2"]
[WhiteElo "1938"]
[BlackElo "2122"]
[PlyCount "21"]
[EventDate "2011.10.02"]
[EventType "team-tourn"]
[EventRounds "11"]
[EventCountry "HUN"]
[SourceTitle "EXT 2020"]
[Source "ChessBase"]
[SourceDate "2019.10.17"]
[SourceVersion "1"]
[SourceVersionDate "2019.10.17"]
[SourceQuality "1"]
[WhiteTeam "REAC SISE"]
[BlackTeam "Barcza GSC"]
[WhiteTeamCountry "HUN"]
[BlackTeamCountry "HUN"]

1. d4 Nf6 2. c4 g6 3. Nc3 d5 4. g3 Bg7 5. cxd5 Nxd5 6. Bg2 Nxc3 7. bxc3 c5 8. e3 Nc6 9. Ne2 0-0 10. 0-0 Qc7 11. Ba3 1/2-1/2

[Event "Budapest-chT1 Lilienthal 1112"]
[Site "Budapest"]
[Date "2011.10.16"]
[Round "2"]
[White "Biro, Gergely"]
[Black "Pallagi, Janos"]
[Result "1-0"]
[WhiteElo "2122"]
[BlackElo "2020"]
[PlyCount "127"]
[EventDate "2011.10.02"]
[EventType "team-tourn"]
[EventRounds "11"]
[EventCountry "HUN"]
[SourceTitle "EXT 2020"]
[Source "ChessBase"]
[SourceDate "2019.10.17"]
[SourceVersion "1"]
[SourceVersionDate "2019.10.17"]
[SourceQuality "1"]
[WhiteTeam "Barcza GSC"]
[BlackTeam "Budapest Honved III"]
[WhiteTeamCountry "HUN"]
[BlackTeamCountry "HUN"]

1. e4 c5 2. Nf3 Nc6 3. d4 cxd4 4. Nxd4 Nf6 5. Nc3 g6 6. Bc4 Bg7 7. Be3 0-0 8. Nxc6 bxc6 9. e5 Ne8 10. f4 d6 11. Qf3 Qc7 12. 0-0 Rb8 13. Bd4 Qa5 14. Qxc6 Bf5 15. Nd5 Qd8 16. Bb3 Rc8 17. Qa4 Bxc2 18. Nxe7+ Qxe7 19. Bxc2 dxe5 20. Rae1 Qc7 21. Bc3 exf4 22. Bb3 Bxc3 23. bxc3 Ng7 24. Qxf4 Qxf4 25. Rxf4 Rxc3 26. Re7 Rc1+ 27. Kf2 a5 28. Rfxf7 Nh5 29. Rxf8+ Kxf8 30. Rf7+ Ke8 31. Rxh7 Nf4 32. g3 Nd3+ 33. Ke3 Ne5 34. Ra7 Rc5 35. Ba4+ Kf8 36. Kd4 Rc4+ 37. Kxe5 Rxa4 38. Kf6 Ke8 39. Re7+ Kf8 40. Re2 Rg4 41. Re3 Rc4 42. Kxg6 Rc2 43. Ra3 Rxh2 44. Rxa5 Rg2 45. Ra3 Ke7 46. Re3+ Kf8 47. a4 Ra2 48. Re4 Rg2 49. g4 Ra2 50. g5 Ra1 51. Rb4 Ke7 52. Kg7 Ke6 53. g6 Ra2 54. Kf8 Rf2+ 55. Kg8 Ra2 56. g7 Ke7 57. Re4+ Kd6 58. Kh7 Rh2+ 59. Kg6 Rg2+ 60. Kh6 Kd5 61. Re8 Rh2+ 62. Kg6 Rg2+ 63. Kf7 Rf2+ 64. Ke7 1-0

[Event "Budapest-chT1 Lilienthal 1011"]
[Site "Budapest"]
[Date "2011.03.20"]
[Round "11"]
[White "Csomor, Viktor"]
[Black "Biro, Gergely"]
[Result "1/2-1/2"]
[WhiteElo "2050"]
[BlackElo "2121"]
[PlyCount "62"]
[EventDate "2010.09.19"]
[EventType "team-tourn"]
[EventRounds "11"]
[EventCountry "HUN"]
[SourceTitle "EXT 2020"]
[Source "ChessBase"]
[SourceDate "2019.10.17"]
[SourceVersion "1"]
[SourceVersionDate "2019.10.17"]
[SourceQuality "1"]
[WhiteTeam "Csepel"]
[BlackTeam "Barcza GSC"]
[WhiteTeamCountry "HUN"]
[BlackTeamCountry "HUN"]

1. d4 Nf6 2. c4 g6 3. Nc3 d5 4. cxd5 Nxd5 5. e4 Nxc3 6. bxc3 Bg7 7. Bc4 c5 8. Ne2 0-0 9. 0-0 Qc7 10. Bd3 Rd8 11. Be3 Nc6 12. Rc1 Qa5 13. Bc4 b5 14. Bd5 Bb7 15. Qc2 cxd4 16. cxd4 Nb4 17. Bd2 Bxd5 18. exd5 Nxc2 19. Bxa5 Rdc8 20. Bc3 b4 21. Rxc2 bxc3 22. Rxc3 Rxc3 23. Nxc3 Bxd4 24. Nb5 Bb6 25. d6 exd6 26. Nxd6 Rd8 27. Nc4 Bc5 28. Rc1 Rd4 29. Kf1 f5 30. Ne5 Bb6 31. Nc4 Bc5 1/2-1/2

[Event "Budapest-chT1 Lilienthal 1011"]
[Site "Budapest"]
[Date "2010.11.14"]
[Round "4"]
[White "D Albini, Geza"]
[Black "Biro, Gergely"]
[Result "0-1"]
[WhiteElo "2080"]
[BlackElo "2121"]
[PlyCount "92"]
[EventDate "2010.09.19"]
[EventType "team-tourn"]
[EventRounds "11"]
[EventCountry "HUN"]
[SourceTitle "EXT 2020"]
[Source "ChessBase"]
[SourceDate "2019.10.17"]
[SourceVersion "1"]
[SourceVersionDate "2019.10.17"]
[SourceQuality "1"]
[WhiteTeam "Vizugy II"]
[BlackTeam "Barcza GSC"]
[WhiteTeamCountry "HUN"]
[BlackTeamCountry "HUN"]

1. c4 Nf6 2. Nc3 d5 3. cxd5 Nxd5 4. d4 g6 5. Nf3 Bg7 6. g3 c5 7. e4 Nxc3 8. bxc3 Nc6 9. Bb5 0-0 10. Bxc6 bxc6 11. 0-0 cxd4 12. cxd4 c5 13. Be3 Bg4 14. Rb1 cxd4 15. Bc1 Qa5 16. Qd3 Bxf3 17. Qxf3 Qxa2 18. Ba3 Rab8 19. Rxb8 Rxb8 20. Bxe7 Qe6 21. Qa3 Re8 22. Bg5 Qxe4 23. Qxa7 Qe2 24. Qd7 Qe6 25. Qa4 h5 26. h4 Rc8 27. Qb4 d3 28. Qb1 Rc2 29. Be3 Qc4 30. Rd1 Bb2 31. Kg2 Qe4+ 32. Kg1 Be5 33. Qb6 Bxg3 34. Qd8+ Kh7 35. Qxd3 Qxd3 36. Rxd3 Bxh4 37. Rd7 Kg7 38. Bd4+ Bf6 39. Be3 Rc6 40. Kg2 Re6 41. Rd5 Be7 42. Rd7 g5 43. Rd5 Kg6 44. Ra5 f6 45. Ra8 h4 46. Ra5 f5 0-1

[Event "HUN-chT2 Erkel 0910"]
[Site "Hungary"]
[Date "2010.05.02"]
[Round "11.8"]
[White "Biro, Gergely"]
[Black "Sumegi, Miklos Andras"]
[Result "1-0"]
[WhiteElo "2084"]
[BlackElo "2028"]
[PlyCount "71"]
[EventDate "2009.11.08"]
[EventType "team-tourn"]
[EventRounds "11"]
[EventCountry "HUN"]
[SourceTitle "EXT 2011"]
[Source "ChessBase"]
[SourceDate "2010.11.26"]
[SourceVersion "1"]
[SourceVersionDate "2010.11.26"]
[SourceQuality "1"]
[WhiteTeam "Barcza"]
[BlackTeam "Vizugy"]
[WhiteTeamCountry "HUN"]
[BlackTeamCountry "HUN"]

1. e4 e6 2. d4 b6 3. Bd3 Bb7 4. Ne2 Nf6 5. f3 Nc6 6. e5 Nd5 7. c4 Bb4+ 8. Kf1 Nf6 9. a3 Bf8 10. exf6 Qxf6 11. Be4 0-0-0 12. Nbc3 g5 13. h4 gxh4 14. Qe1 Be7 15. Be3 Rdg8 16. Qf2 Qg7 17. Bf4 d6 18. Be3 Kb8 19. b4 f5 20. Bxc6 Bxc6 21. d5 exd5 22. Bd4 Bf6 23. Bxf6 Qxf6 24. Nd4 Bd7 25. Nxd5 Qg7 26. Re1 h3 27. Rxh3 Re8 28. Ne2 c6 29. Ndf4 Re5 30. Qd4 Qf8 31. Rd1 Kc7 32. Nd3 f4 33. Nxe5 Bxh3 34. gxh3 dxe5 35. Qxe5+ Kc8 36. Qe6+ 1-0

[Event "HUN-chT2 Erkel 0910"]
[Site "Hungary"]
[Date "2010.04.18"]
[Round "10.6"]
[White "Trajber, Daniel"]
[Black "Biro, Gergely"]
[Result "1-0"]
[WhiteElo "2090"]
[BlackElo "2084"]
[PlyCount "63"]
[EventDate "2009.11.08"]
[EventType "team-tourn"]
[EventRounds "11"]
[EventCountry "HUN"]
[SourceTitle "EXT 2011"]
[Source "ChessBase"]
[SourceDate "2010.11.26"]
[SourceVersion "1"]
[SourceVersionDate "2010.11.26"]
[SourceQuality "1"]
[WhiteTeam "Vaci"]
[BlackTeam "Barcza"]
[WhiteTeamCountry "HUN"]
[BlackTeamCountry "HUN"]

1. e4 c5 2. Nf3 Nc6 3. d4 cxd4 4. Nxd4 Nf6 5. Nc3 e5 6. Ndb5 d6 7. Bg5 a6 8. Na3 b5 9. Bxf6 gxf6 10. Nd5 Bg7 11. Bd3 Ne7 12. Nxe7 Qxe7 13. 0-0 f5 14. c4 0-0 15. Qf3 Qb7 16. Qe2 d5 17. cxd5 fxe4 18. Bxe4 f5 19. Bc2 Kh8 20. Bb3 Bd7 21. Rad1 Rac8 22. d6 b4 23. Bd5 Bc6 24. Bxc6 Qxc6 25. d7 Rcd8 26. Nc4 e4 27. Rd6 Qc7 28. Rfd1 Rf7 29. Nb6 Bf8 30. Re6 Bc5 31. Qh5 Rfxd7 32. Nxd7 1-0

[Event "HUN-chT2 Erkel 0910"]
[Site "Hungary"]
[Date "2010.01.31"]
[Round "5.8"]
[White "Krizsany, Laszlo Sr"]
[Black "Biro, Gergely"]
[Result "0-1"]
[WhiteElo "1992"]
[BlackElo "2084"]
[PlyCount "74"]
[EventDate "2009.11.08"]
[EventType "team-tourn"]
[EventRounds "11"]
[EventCountry "HUN"]
[SourceTitle "EXT 2011"]
[Source "ChessBase"]
[SourceDate "2010.11.26"]
[SourceVersion "1"]
[SourceVersionDate "2010.11.26"]
[SourceQuality "1"]
[WhiteTeam "Budapest MTK"]
[BlackTeam "Barcza"]
[WhiteTeamCountry "HUN"]
[BlackTeamCountry "HUN"]

1. d4 Nf6 2. c4 g6 3. Nc3 d5 4. Bf4 Bg7 5. e3 0-0 6. Nf3 Bg4 7. h3 Bxf3 8. Qxf3 c6 9. Bd3 Qb6 10. Qe2 c5 11. dxc5 Qxc5 12. cxd5 Nxd5 13. Nxd5 Qa5+ 14. Kf1 Qxd5 15. Bc4 Qe4 16. f3 Qf5 17. Rd1 Nc6 18. g4 Qa5 19. Kf2 Rad8 20. Kg2 a6 21. Bg3 Qb6 22. Bf2 Qxb2 23. Qxb2 Bxb2 24. Rb1 Rd2 25. Kg3 Ne5 26. Be1 Nxc4 27. Bxd2 Be5+ 28. f4 Nxd2 29. Rxb7 Bd6 30. Ra7 Rc8 31. Rxa6 Rc3 32. Kf2 Bc5 33. Re1 Nc4 34. Kf3 Nxe3 35. Ke4 Rc4+ 36. Kd3 Rd4+ 37. Kxe3 Ra4+ 0-1

[Event "HUN-chT 0304"]
[Site "Hungary"]
[Date "2004.04.04"]
[Round "10"]
[White "Gal, Jozsef Istvan"]
[Black "Biro, Gergely"]
[Result "1-0"]
[WhiteElo "2341"]
[BlackElo "2170"]
[PlyCount "71"]
[EventDate "2003.09.28"]
[EventType "team"]
[EventRounds "11"]
[EventCountry "HUN"]
[SourceTitle "EXT 2006"]
[Source "ChessBase"]
[SourceDate "2005.11.24"]
[SourceVersion "1"]
[SourceVersionDate "2005.11.24"]
[SourceQuality "1"]

1. Nc3 d5 2. e4 d4 3. Nce2 e5 4. d3 Bb4+ 5. c3 dxc3 6. bxc3 Ba5 7. Qc2 c5 8. Nf3 Nc6 9. Be3 b6 10. Nd2 Ba6 11. Ng3 Nge7 12. Be2 0-0 13. 0-0 Rc8 14. Nc4 Ng6 15. Rfd1 Qc7 16. Qb3 Nf4 17. Bf1 Rfd8 18. Nf5 Ne6 19. Rac1 Kh8 20. g3 b5 21. Nxa5 Qxa5 22. Bh3 c4 23. dxc4 bxc4 24. Qc2 Bb5 25. Nd6 Ba4 26. Nxf7+ Kg8 27. Rxd8+ Ncxd8 28. Nxd8 Bxc2 29. Bxe6+ Kf8 30. Nb7 Qxa2 31. Bxc8 Bxe4 32. Bc5+ Kg8 33. Be6+ Kh8 34. Nd6 Qd2 35. Nf7+ Kg8 36. Be3 1-0

[Event "HUN-chT 0304"]
[Site "Hungary"]
[Date "2003.11.16"]
[Round "3"]
[White "Pergel, Laszlo"]
[Black "Biro, Gergely"]
[Result "1/2-1/2"]
[WhiteElo "2343"]
[BlackElo "2170"]
[PlyCount "92"]
[EventDate "2003.09.28"]
[EventType "team"]
[EventRounds "11"]
[EventCountry "HUN"]
[SourceTitle "EXT 2005"]
[Source "ChessBase"]
[SourceDate "2004.11.15"]
[SourceVersion "1"]
[SourceVersionDate "2004.11.15"]
[SourceQuality "1"]

1. e4 c5 2. Nf3 Nc6 3. Bb5 g6 4. Bxc6 dxc6 5. h3 Bg7 6. 0-0 Nf6 7. Re1 0-0 8. d3 Qc7 9. a4 b6 10. Be3 e5 11. a5 Ba6 12. Qc1 c4 13. d4 exd4 14. Bxd4 c5 15. axb6 axb6 16. Be5 Qe7 17. Nc3 Bb7 18. Qf4 Nh5 19. Qh2 Rfe8 20. Bxg7 Nxg7 21. Rxa8 Bxa8 22. Qg3 Rd8 23. Qe5 Qe6 24. Ra1 f6 25. Qxe6+ Nxe6 26. Ra6 Nd4 27. Rxb6 f5 28. Ng5 Nxc2 29. exf5 gxf5 30. Ne6 Rc8 31. Rb5 Ne1 32. f3 Nd3 33. Ra5 Kf7 34. Ng5+ Kg6 35. f4 Nxf4 36. h4 h6 37. Ra6+ Kh5 38. Nf7 Ng6 39. Ne2 f4 40. Rf6 Rg8 41. Rf5+ Kxh4 42. Nxh6 Rb8 43. Rxc5 Rxb2 44. Nf5+ Kg4 45. Nh6+ Kh4 46. Nf5+ Kg4 1/2-1/2

[Event "HUN-chT 0304"]
[Site "Hungary"]
[Date "2003.10.05"]
[Round "2"]
[White "Zakarias, David"]
[Black "Biro, Gergely"]
[Result "1/2-1/2"]
[WhiteElo "2235"]
[BlackElo "2170"]
[PlyCount "40"]
[EventDate "2003.09.28"]
[EventType "team"]
[EventRounds "11"]
[EventCountry "HUN"]
[SourceTitle "EXT 2005"]
[Source "ChessBase"]
[SourceDate "2004.11.15"]
[SourceVersion "1"]
[SourceVersionDate "2004.11.15"]
[SourceQuality "1"]

1. d4 Nf6 2. c4 g6 3. Nf3 Bg7 4. g3 0-0 5. Bg2 c6 6. Nc3 d5 7. cxd5 cxd5 8. Ne5 e6 9. 0-0 Nfd7 10. f4 Nc6 11. Be3 Na5 12. b3 Nxe5 13. fxe5 Bd7 14. Qd2 Qb6 15. Bxd5 Rad8 16. Be4 Bc6 17. d5 Qb4 18. a3 Qe7 19. Bg5 Qc5+ 20. Be3 Qe7 1/2-1/2

[Event "Szombathely Savaria op 3rd"]
[Site "Szombathely"]
[Date "2003.07.22"]
[Round "4"]
[White "Bogdan, Dan"]
[Black "Biro, Gergely"]
[Result "1-0"]
[WhiteElo "2435"]
[BlackElo "2170"]
[PlyCount "83"]
[EventDate "2003.07.19"]
[EventType "swiss"]
[EventRounds "9"]
[EventCountry "HUN"]
[SourceTitle "CBM 095 Extra"]
[Source "ChessBase"]
[SourceDate "2003.09.04"]
[SourceVersion "1"]
[SourceVersionDate "2003.09.04"]
[SourceQuality "1"]

1. e4 c5 2. c4 Nc6 3. Nc3 g6 4. g3 Bg7 5. Bg2 d6 6. Nge2 e5 7. 0-0 Nge7 8. a3 0-0 9. Rb1 f5 10. d3 Nd4 11. exf5 Nexf5 12. b4 Rb8 13. Nxd4 Nxd4 14. Ne4 Qc7 15. f4 Bf5 16. fxe5 Bxe5 17. Bh6 Bg7 18. Bf4 Bxe4 19. Bxe4 Be5 20. Bxe5 dxe5 21. Qd2 b6 22. Qh6 Qe7 23. Kg2 Rxf1 24. Rxf1 cxb4 25. axb4 a5 26. Bd5+ Ne6 27. Qh3 Re8 28. bxa5 bxa5 29. Qg4 Kh8 30. Qe4 Qd6 31. h4 a4 32. h5 gxh5 33. Qf5 Ng7 34. Qf7 a3 35. Rf6 Qb4 36. Rf2 Qd6 37. Kh3 Qc5 38. Qf6 Qc8+ 39. Kg2 Qc5 40. Be4 Qe7 41. Qxe7 Rxe7 42. Rf8# 1-0

[Event "HUN-chT2 Erkel 0203"]
[Site "Hungary"]
[Date "2003.03.23"]
[Round "9"]
[White "Nagy, Karoly"]
[Black "Biro, Gergely"]
[Result "1/2-1/2"]
[WhiteElo "2181"]
[BlackElo "2072"]
[PlyCount "88"]
[EventDate "2002.09.22"]
[EventType "team"]
[EventRounds "11"]
[EventCountry "HUN"]
[SourceTitle "EXT 2009"]
[Source "ChessBase"]
[SourceDate "2008.11.26"]
[SourceVersion "1"]
[SourceVersionDate "2008.11.26"]
[SourceQuality "1"]

1. e4 c5 2. c4 Nc6 3. Ne2 e5 4. g3 Qa5 5. Nbc3 Nf6 6. Bg2 Be7 7. 0-0 d6 8. d3 Nd4 9. h3 Bd7 10. f4 h5 11. Nd5 Nxd5 12. exd5 Qc7 13. Nxd4 cxd4 14. f5 0-0-0 15. b4 f6 16. a4 g6 17. Be4 Rdg8 18. Kh2 gxf5 19. Bxf5 Bxf5 20. Rxf5 Qd7 21. Qf3 Rg7 22. Rxh5 Rxh5 23. Qxh5 f5 24. Bh6 Rh7 25. Qg6 Bd8 26. Rf1 Rf7 27. Qe6 Qxe6 28. dxe6 Rf6 29. Bg5 Rxe6 30. Bxd8 Kxd8 31. Rxf5 e4 32. dxe4 Rxe4 33. Rd5 Ke7 34. Kg2 Ke6 35. Kf3 Re3+ 36. Kf4 Rb3 37. Rxd4 Rxb4 38. h4 Rxa4 39. h5 Kf7 40. Rxd6 Rxc4+ 41. Kg5 Rb4 42. g4 a5 43. Rd8 a4 44. Rd7+ Kg8 1/2-1/2

[Event "Budapest Spring op 19th"]
[Site "Budapest"]
[Date "2003.03.21"]
[Round "8"]
[White "Deutsch, Istvan"]
[Black "Biro, Gergely"]
[Result "0-1"]
[WhiteElo "2155"]
[BlackElo "2125"]
[PlyCount "44"]
[EventDate "2003.03.14"]
[EventType "swiss"]
[EventRounds "9"]
[EventCountry "HUN"]
[SourceTitle "CBM 093 Extra"]
[Source "ChessBase"]
[SourceDate "2003.05.09"]
[SourceVersion "1"]
[SourceVersionDate "2003.05.09"]
[SourceQuality "1"]

1. g4 d5 2. Bg2 Bxg4 3. c4 c6 4. cxd5 cxd5 5. Qb3 Nf6 6. Nc3 Nc6 7. Nxd5 Nxd5 8. Bxd5 Be6 9. Bxe6 fxe6 10. Qxe6 Nd4 11. Qe4 Rc8 12. Kf1 Qb6 13. Nf3 Nxf3 14. Qxf3 g6 15. d4 Bg7 16. Be3 Qxb2 17. Kg2 Rf8 18. Qg4 Rd8 19. Rhb1 Qc2 20. Rxb7 Qc6+ 21. Kg1 Qxb7 22. h4 Qd7 0-1

[Event "Budapest Spring op 19th"]
[Site "Budapest"]
[Date "2003.03.15"]
[Round "2"]
[White "Biro, Gergely"]
[Black "Goczo, Melinda"]
[Result "1/2-1/2"]
[WhiteElo "2125"]
[BlackElo "2222"]
[PlyCount "36"]
[EventDate "2003.03.14"]
[EventType "swiss"]
[EventRounds "9"]
[EventCountry "HUN"]
[SourceTitle "CBM 093 Extra"]
[Source "ChessBase"]
[SourceDate "2003.05.09"]
[SourceVersion "1"]
[SourceVersionDate "2003.05.09"]
[SourceQuality "1"]

1. e4 e6 2. d4 d5 3. Nd2 Nf6 4. e5 Nfd7 5. Bd3 c5 6. c3 Nc6 7. Ne2 cxd4 8. cxd4 f6 9. exf6 Nxf6 10. 0-0 Bd6 11. Nf3 Qc7 12. Bg5 0-0 13. Bh4 Bd7 14. Rc1 Rae8 15. Qc2 h6 16. Bg6 Rc8 17. Bg3 Qb8 18. Qb3 b6 1/2-1/2

[Event "HUN-chT2 Erkel 0203"]
[Site "Hungary"]
[Date "2003.02.02"]
[Round "6"]
[White "Biro, Gergely"]
[Black "Istvanovszky, Martin"]
[Result "1-0"]
[WhiteElo "2072"]
[BlackElo "2037"]
[PlyCount "87"]
[EventDate "2002.09.22"]
[EventType "team"]
[EventRounds "11"]
[EventCountry "HUN"]
[SourceTitle "EXT 2009"]
[Source "ChessBase"]
[SourceDate "2008.11.26"]
[SourceVersion "1"]
[SourceVersionDate "2008.11.26"]
[SourceQuality "1"]

1. e4 c5 2. Nf3 d6 3. d4 cxd4 4. Nxd4 Nf6 5. Nc3 g6 6. Be3 Bg7 7. f3 0-0 8. Qd2 Nc6 9. Bc4 Bd7 10. h4 Rc8 11. Bb3 Ne5 12. h5 Nc4 13. Bxc4 Rxc4 14. hxg6 fxg6 15. 0-0-0 Qc7 16. Ncb5 Bxb5 17. Nxb5 Qc6 18. b3 Qxb5 19. bxc4 Qxc4 20. c3 Rc8 21. Bd4 Qa4 22. Kb1 b5 23. Qb2 Rc4 24. Qb3 Qa5 25. a4 a6 26. axb5 axb5 27. Kb2 Qc7 28. Qxb5 e5 29. Bb6 Qc6 30. Qxc6 Rxc6 31. Be3 Kf7 32. Bg5 h5 33. Ra1 Ke6 34. Rhd1 Nd7 35. Ra7 Bf8 36. Rda1 Nb6 37. Kb3 Nd7 38. Ra8 Nc5+ 39. Kc2 Be7 40. Bxe7 Kxe7 41. R1a7+ Nd7 42. Rh8 Ke6 43. Re8+ Kf7 44. Rd8 1-0

[Event "HUN-chT2 Erkel 0203"]
[Site "Hungary"]
[Date "2002.11.24"]
[Round "3"]
[White "Mincsovics, Miklos"]
[Black "Biro, Gergely"]
[Result "1-0"]
[WhiteElo "2139"]
[BlackElo "2088"]
[PlyCount "67"]
[EventDate "2002.09.22"]
[EventType "team"]
[EventRounds "11"]
[EventCountry "HUN"]
[SourceTitle "EXT 2009"]
[Source "ChessBase"]
[SourceDate "2008.11.26"]
[SourceVersion "1"]
[SourceVersionDate "2008.11.26"]
[SourceQuality "1"]

1. e4 c5 2. Nf3 Nc6 3. Bb5 e6 4. 0-0 Nge7 5. c3 d5 6. exd5 Qxd5 7. Qe2 Bd7 8. d4 cxd4 9. cxd4 Nf5 10. Nc3 Nfxd4 11. Nxd4 Qxd4 12. Rd1 Qh4 13. g3 Qh3 14. Bf4 Be7 15. Rac1 e5 16. Nd5 Kf8 17. Nxe7 exf4 18. Nxc6 bxc6 19. Qe5 Qe6 20. Qc7 Kg8 21. Rxd7 f3 22. Qxc6 Qxc6 23. Bxc6 Rc8 24. Rcd1 h6 25. Rd8+ Kh7 26. Rxh8+ Kxh8 27. Bxf3 Rc7 28. Rd2 g5 29. Kg2 Kg7 30. Be4 Re7 31. f3 Re5 32. g4 a5 33. Rd5 Re7 34. Rxa5 1-0